Beitrag zur Frage der Verwerthung elementaren Stickstoffes durch den Senf. Landwirthschaftliche Versuchs-Stationen: [Separatabzug]

מידע ביבליוגרפי
מחבר ראשי: Pfeiffer Th.
מחברים אחרים: Franke E. (прочие), Frank
סיכום:В описании используется грамматика 19 века
שפה:גרמנית
יצא לאור: Berlin, [s. n.], 1895
סדרה:Zeitschrift des Vereins für die Rübenzucker-Industrie d. D. R. Bd. 45, H. 477.
נושאים:
פורמט: ספר
KOHA link:https://koha.lib.tpu.ru/cgi-bin/koha/opac-detail.pl?biblionumber=361771

MARC

LEADER 00000nam0a2200000 4500
001 361771
005 20240724095241.0
035 |a (RuTPU)RU\TPU\retro\19117 
090 |a 361771 
100 |a 20210701d1895 km y0gery50 ba 
101 0 |a ger 
102 |a DE 
105 |a a z 000zy 
181 0 |b  e  
182 0 |a n 
183 0 |a nc  |2 RDAcarrier 
200 1 |a Beitrag zur Frage der Verwerthung elementaren Stickstoffes durch den Senf. Landwirthschaftliche Versuchs-Stationen  |f Th. Pfeiffer, E. Franke  |g besprochen von Dr. Frank  |e [Separatabzug] 
210 |a Berlin  |c [s. n.]  |d 1895 
215 |a S. 825-840  |c il. 
225 |a Zeitschrift des Vereins für die Rübenzucker-Industrie d. D. R.  |v Bd. 45, H. 477. 
283 |a volume 
300 |a В описании используется грамматика 19 века 
317 |5 63413507: 13830  |a Поступил в НТБ в 1914 г. в дар от первого директора ТТИ профессора Е. Л. Зубашева 
541 1 |a К вопросу о переработке элементарного азота сельскохозяйственными опытными станциями по выращиванию горчицы  |z rus 
606 1 |a Азот в почвах  |9 30336 
610 1 |a Коллекция Е. Л. Зубашева 
610 1 |a дары библиотеке 
610 1 |a элементарный азот 
610 1 |a переработка 
610 1 |a сельское хозяйство 
610 1 |a горчица 
610 1 |a опытные станции 
610 1 |a опытные работы 
610 1 |a немецкий язык 
675 |a 631.4  |v 4 
700 1 |a Pfeiffer  |b Th. 
701 1 |a Franke  |b E. 
702 1 |a Frank  |4 570 
801 1 |a RU  |b 63413507  |c 20210701 
801 2 |a RU  |b 63413507  |c 20210702  |g RCR 
942 |c BK